| 000 -LEADER |
| fixed length control field |
01516nam a22001577a 4500 |
| 008 - FIXED-LENGTH DATA ELEMENTS--GENERAL INFORMATION |
| fixed length control field |
231016b ||||| |||| 00| 0 eng d |
| 100 ## - MAIN ENTRY--PERSONAL NAME |
| Personal name |
Singh, Shamsher |
| 245 ## - TITLE STATEMENT |
| Title |
Critical appraisal of laws relating to noise pollution in India |
| 260 ## - PUBLICATION, DISTRIBUTION, ETC. (IMPRINT) |
| Place of publication, distribution, etc |
Bihar Journal of Public Administration |
| 300 ## - PHYSICAL DESCRIPTION |
| Extent |
18(2), Jul-Dec, 2020: p.515-526 |
| 520 ## - SUMMARY, ETC. |
| Summary, etc |
The immense governmental efforts for environmental protection in world have facilitated the emergence of ‘environmental Jurisprudence’. In India over 200 laws and several rules are in operation for trial of the violators and redressal of the environment related grievances by the judicial courts including superior judiciary and tribunals. One aspect of these laws is related to noise pollution and control. The present paper intends to underline constitutional provisions, laws and rules, judicial endeavours and governmental efforts to curb the menace of noise pollution. Further, the causes and harmful environmental effects of the noise pollution have also been highlighted. On the basis of the examination of above, the present paper renders suggestions for policy makers in order to make a noise pollution free society in Indian conditions. It will be helpful in developing the future plans and optimum control over the noise pollution. – Reproduced |
| 650 ## - SUBJECT ADDED ENTRY--TOPICAL TERM |
| Topical term or geographic name as entry element |
Environment, Noise pollution, Laws & rules, Judiciary, Healthhazards, India. |
| 9 (RLIN) |
41030 |
| 773 ## - HOST ITEM ENTRY |
| Main entry heading |
Bihar Journal of Public Administration |
| 906 ## - LOCAL DATA ELEMENT F, LDF (RLIN) |
| Subject DIP |
POLLUTION |
| 942 ## - ADDED ENTRY ELEMENTS (KOHA) |
| Item type |
Articles |